Les syllabaires cunéiformes / (Record no. 157511)

MARC details
000 -LEADER
campo de control de longitud fija 00711nam a22001815i 4500
001 - NÚMERO DE CONTROL
campo de control 157511
003 - IDENTIFICADOR DE NÚMERO DE CONTROL
campo de control ES-MaACL
005 - FECHA Y HORA DE LA ÚLTIMA TRANSACCIÓN
campo de control 20230906210720.0
008 - DATOS DE LONGITUD FIJA--INFORMACIÓN GENERAL
campo de control de longitud fija 971218s1877 fr |||| | fre d
040 ## - FUENTE DE CATALOGACIÓN
Centro catalogador/agencia de origen CYL
Lengua de catalogación spa
Centro/agencia transcriptor CYL
100 1# - ENTRADA PRINCIPAL--NOMBRE DE PERSONA
Nombre de persona Lenormant, François.
9 (RLIN) 128876
245 10 - MENCIÓN DEL TÍTULO
Título Les syllabaires cunéiformes /
Mención de responsabilidad, etc. par François Lenormant.
250 ## - MENCION DE EDICION
Mención de edición Édition critique classée pour la première fois méthodiquement...
260 ## - PUBLICACIÓN, DISTRIBUCIÓN, ETC.
Lugar de publicación, distribución, etc. Paris :
Nombre del editor, distribuidor, etc. Maisonneuve et Cie, libraires-editeurs,
Fecha de publicación, distribución, etc. 1877 (
Fabricante Imp. Gauthier-Villars)
300 ## - DESCRIPCIÓN FÍSICA
Extensión VII, 236 p. ;
Dimensiones 21 cm.
650 #4 - PUNTO DE ACCESO ADICIONAL DE MATERIA--TÉRMINO DE MATERIA
Término de materia o nombre geográfico como elemento de entrada Escritura cuneiforme.
9 (RLIN) 12404
852 ## - LOCALIZACIÓN
Ubicación ES-MaACL
Número de control de estantería T-260-F-4
Nota libre -- Enc. hol.
condición física -- Falto de la cub. original
Nota libre -- Enc. en un vol. facticio
Holdings
Estatus retirado Estado de pérdida Estado de daño No para préstamo Colección Biblioteca de origen Biblioteca actual Ubicación en estantería Fecha de adquisición Total de préstamos Signatura topográfica completa Código de barras Visto por última vez Precio de reemplazo Tipo de ítem Koha
        Colección de folletos Biblioteca del Ateneo de Madrid Biblioteca del Ateneo de Madrid Depósito folletos 17/01/2008   T-260-F-4 1164830 23/02/2023 23/02/2023 Folleto